Török nyelvű forráskiadásaink kérdéséhez

Elmentve itt :
Bibliográfiai részletek
Szerző: Fekete Lajos
Dokumentumtípus: Cikk
Megjelent: 1961
Sorozat:Magyar nyelv : a Magyar Nyelvtudományi Társaság folyóirata
Kulcsszavak:Oszmán-török történeti források - kutatástörténet - Magyarország
Tárgyszavak:
Online Access:http://misc.bibl.u-szeged.hu/61593
LEADER 00874nab a2200229 i 4500
001 misc61593
005 20230112122022.0
008 220322s1961 hu o 0|| hun d
040 |a SZTE Miscellanea Repozitórium  |b hun 
041 |a hun 
100 1 |a Fekete Lajos 
245 1 0 |a Török nyelvű forráskiadásaink kérdéséhez  |h [elektronikus dokumentum] /  |c  Fekete Lajos 
260 |c 1961 
300 |a 319-325  |c 24 cm 
300 |a [7] p.  |c 24 cm 
490 0 |a Magyar nyelv : a Magyar Nyelvtudományi Társaság folyóirata 
561 |a Németh Gyula hagyaték 
591 |a LOA 1059; XKEK 2930; XKEK 2931 
650 4 |a Bölcsészettudományok 
650 4 |a Történettudomány és régészet 
695 |a Oszmán-török történeti források - kutatástörténet - Magyarország 
856 4 0 |u http://misc.bibl.u-szeged.hu/61593/1/1633_noa_f38.pdf  |z Dokumentum-elérés